Predzmluvné vzťahy v pracovnom práve

Vzťahy, ktoré predchádzajú pracovnému pomeru. Ich ciele.

Guardado en:
Detalles Bibliográficos
Autor principal: Mrukviová Tomiová, Sandra
Formato: Capítulo de libro
Lenguaje:eslovaco
Materias:
Etiquetas: Agregar Etiqueta
Sin Etiquetas, Sea el primero en etiquetar este registro!

MARC

LEADER 00000naa a2200000 4500
001 0222966
005 20231120131155.1
041 0 |a slo 
044 |a SK 
245 1 0 |a Predzmluvné vzťahy v pracovnom práve  |c Sandra Mrukviová Tomiová 
520 |a Vzťahy, ktoré predchádzajú pracovnému pomeru. Ich ciele. 
610 2 0 |a právo pracovné 
610 2 0 |a vzťahy pracovné 
610 2 0 |a pomer pracovný 
610 2 0 |a zamestnávatelia 
610 2 0 |a zamestnanci 
100 1 |a Mrukviová Tomiová, Sandra